Heinkel He 115 : Torpedo/reconnaissance/mine layer, seaplane of the Luftwaffe /

Bibliographic Details
Main Author: Dabrowski, Hans-Peter
Format: Book
Language:English
Published: Atglen, PA : Schiffer, [1994]
Series:Schiffer military/aviation history.
Subjects:

MARC

Tag First Indicator Second Indicator Subfields
LEADER 00000cam a2200000 a 4500
001 in00001403833
005 20151020053201.0
008 971211s1994 paua 000 0 eng c
035 |a (OCoLC)38071513 
035 |9 AHM7309AM 
040 |a TXA  |c TXA  |d UtOrBLW 
041 1 |a eng  |h ger 
049 |a TXAM 
050 4 |a TL686.H35  |b D3313 1994 
100 1 |a Dabrowski, Hans-Peter. 
245 1 0 |a Heinkel He 115 :  |b Torpedo/reconnaissance/mine layer, seaplane of the Luftwaffe /  |c H.P. Dabrowski. 
264 1 |a Atglen, PA :  |b Schiffer,  |c [1994] 
264 4 |c ©1994 
300 |a 47 pages :  |b illustrations ;  |c 30 cm. 
336 |a text  |b txt  |2 rdacontent 
337 |a unmediated  |b n  |2 rdamedia 
338 |a volume  |b nc  |2 rdacarrier 
490 1 |a Schiffer military/aviation history 
500 |a Translation of: Heinkel He 115: Torpedoflugzeug--Aufkläger--Minenleger. 
650 0 |a Heinkel airplanes. 
650 0 |a Amphibian planes  |z Germany. 
650 0 |a Reconnaissance aircraft  |z Germany. 
830 0 |a Schiffer military/aviation history. 
999 |a MARS 
999 f f |s ce3a4485-f111-399e-a79d-2e3eae33eff9  |i 29aa6a00-e88b-39d0-aa84-61d51cabd681  |t 0 
952 f f |p noncirc  |a Texas A&M University  |b College Station  |c Cushing Memorial Library & Archives  |d Cushing: Ragan Military (Does not check out)  |t 0  |e TL686.H35 D3313 1994  |h Library of Congress classification  |i unmediated -- volume 
998 f f |a TL686.H35 D3313 1994  |t 0  |l Cushing: Ragan Military (Does not check out)